Word Ladder: Musical Theatre Songs Quiz Stats

 Plays Quiz Updated Oct 22, 2017

Challenge
Share
Tweet
Embed
Score 0/30 Timer 05:00
3 Plays Today
Clue 4-Letter Word % Correct
Down The Rabbit ____ (Wonderland)HOLE
93.8%
There's No Business Like ____ Business (Annie Get Your Gun)SHOW
87.5%
I ____ Never Leave You (Side Show)WILL
85.7%
Go Back ____ (The Scottsboro Boys)HOME
81.4%
I Must Get On That ____ (Titanic)SHIP
81%
Almost Like Being in ____ (Brigadoon)LOVE
80.8%
Let's ____ Lunch (Sunset Boulevard)HAVE
80.3%
The ____ Goose Chase (Honk!)WILD
80.2%
____ in Living Color (Catch Me if You Can)LIVE
78.9%
____ On My Shoulder (Legally Blonde)CHIP
77.2%
Losing My ____ (Follies)MIND
76.3%
I ____ Things Now (Into The Woods)KNOW
75.1%
The Bear, the Tiger, the Hamster and the ____ (Closer Than Ever)MOLE
73.2%
Coffee ____ Nights (Curtains)SHOP
72.6%
____ On (Sunday In The Park With George)MOVE
71.5%
Clue 4-Letter Word % Correct
This Nearly Was ____ (South Pacific)MINE
70.7%
They Call the ____ Maria (Paint Your Wagon)WIND
69.5%
There's a ____, ____ Line (Avenue Q)FINE
69.1%
Take It on the ____ (Me And My Girl)CHIN
68.4%
Mister ____ (Carousel)SNOW
67.9%
Who Will ____ New Jersey? (The Toxic Avenger)SAVE
67.4%
____ People (Gypsy)SOME
67.3%
The Heather on the ____ (Brigadoon)HILL
66.5%
It's All The ____ (Man Of La Mancha)SAME
65.9%
Another Suitcase in Another ____ (Evita)HALL
64.6%
Soon It's Gonna ____ (The Fantasticks)RAIN
63.8%
____ Zeroes (On The Twentieth Century)FIVE
63.2%
The Mark of ____ (Children of Eden)CAIN
59.2%
All ____ the Brain (13)HAIL
57.6%
Skimbleshanks: The ____way Cat (Cats)RAIL
55.6%

Today's Daily Dose

You're not logged in!

Compare scores with friends on all Sporcle quizzes.
Join for Free
OR
Log In

You Might Also Like...

Show Comments

Extras

Top Quizzes Today


Score Distribution

Your Account Isn't Verified!

In order to create a playlist on Sporcle, you need to verify the email address you used during registration. Go to your Sporcle Settings to finish the process.

Report this User

Report this user for behavior that violates our Community Guidelines.

Details: